[Event "FIDE Chesscom Grand Swiss 2021"]
[Site "Riga"]
[Date "2021.11.07"]
[Round "11.9"]
[White "Sjugirov, Sanan"]
[Black "Vitiugov, Nikita"]
[Result "1/2-1/2"]
[WhiteElo "2663"]
[BlackElo "2727"]
[Annotator "RC"]
[PlyCount "134"]
[EventDate "2021.10.27"]
[EventType "swiss"]
[EventCountry "LAT"]
[Tiebreak "Cut1 Buchholz+Sonneborn-Berger (Swiss)"]
[SourceTitle "playchess.com"]
[Source "ChessBase"]
[SourceQuality "1"]
[TimeControl "40/6000+30:20/3000+30:900+30"]

1. e4 {[%emt 0:00:06]} e5 {[%emt 0:00:07]} 2. Nf3 {[%emt 0:00:09]} Nc6 {
[%emt 0:00:07]} 3. Bb5 {[%emt 0:00:09]} a6 {[%emt 0:00:07]} 4. Ba4 {[%emt 0:00:
07]} Nf6 {[%emt 0:00:06]} 5. O-O {[%emt 0:00:09]} Be7 {[%emt 0:00:15]} 6. Re1 {
[%emt 0:00:12]} b5 {[%emt 0:00:16]} 7. Bb3 {[%emt 0:00:05]} O-O {[%emt 0:00:05]
} 8. d3 {[%emt 0:00:15]} d6 {[%emt 0:00:40]} 9. c3 {[%emt 0:00:05]} Na5 {
[%emt 0:06:15]} 10. Bc2 {[%emt 0:00:08]} c5 {[%emt 0:00:04]} 11. Nbd2 {[%emt 0:
00:12]} Re8 {[%emt 0:01:22]} 12. h3 {[%emt 0:00:50]} Bf8 {[%emt 0:01:49]} 13.
Nf1 {[%emt 0:01:56]} h6 {[%emt 0:00:09]} 14. d4 {[%emt 0:10:42]} exd4 {[%emt 0:
02:41]} 15. cxd4 {[%emt 0:01:59]} cxd4 {[%emt 0:00:05]} 16. Ng3 {[%emt 0:05:42]
} Bb7 {[%emt 0:00:58]} 17. Nxd4 {[%emt 0:01:17]} Nc4 {[%emt 0:00:59]} 18. b3 {
[%emt 0:03:48]} Ne5 {[%emt 0:00:56]} 19. Bb2 {[%emt 0:04:47]} Rc8 {[%emt 0:01:
07]} 20. Qd2 {[%emt 0:03:13]} Qb6 {[%emt 0:10:30]} 21. Ndf5 {[%emt 0:08:47]} g6
{[%emt 0:07:39]} 22. Ne3 {[%emt 0:01:12]} h5 {[%emt 0:04:42]} 23. Bd4 {[%emt 0:
18:03]} Qd8 {[%emt 0:06:26]} 24. f3 {[%emt 0:02:11]} h4 {[%emt 0:10:39]} 25.
Ngf1 {[%emt 0:01:08]} Bh6 {[%emt 0:05:39]} 26. Rad1 {[%emt 0:05:32]} Bf4 {
[%emt 0:05:40]} 27. Qf2 {[%emt 0:03:32]} Nh5 {[%emt 0:02:13]} 28. Ng4 {[%emt 0:
03:46]} Qg5 {[%emt 0:02:08]} 29. b4 {[%emt 0:03:42]} Nxg4 {[%emt 0:10:50]} 30.
hxg4 {[%emt 0:02:29]} Bg3 {[%emt 0:04:52]} 31. Nxg3 {[%emt 0:09:05]} hxg3 {
[%emt 0:00:21]} 32. Qd2 {[%emt 0:03:26]} Nf4 {[%emt 0:01:48]} 33. Bb3 {[%emt 0:
00:27]} Qh6 {[%emt 0:03:26]} 34. g5 {[%emt 0:00:42]} Qh4 {[%emt 0:09:51]} 35.
Kf1 {[%emt 0:11:25]} Rc3 {[%emt 0:02:04]} 36. Qxf4 {[%emt 0:00:06]} Qxf4 {
[%emt 0:00:07]} 37. Bxc3 {[%emt 0:00:03]} Qxg5 {[%emt 0:08:20]} 38. Ke2 {
[%emt 0:00:13]} d5 {[%emt 0:02:39]} 39. Rh1 {[%emt 0:00:57]} f6 {[%emt 0:00:13]
} 40. Rh3 {[%emt 0:01:52]} Bc6 {[%emt 0:01:32]} 41. Rdh1 {[%emt 0:52:03]} Kf7 {
[%emt 0:12:46]} 42. Rh7+ {[%emt 0:00:00]} Ke6 {[%emt 0:03:38]} 43. Rd1 {
[%emt 0:00:00]} f5 {[%emt 0:07:46]} 44. Bd2 {[%emt 0:00:00]} Qd8 {[%emt 0:05:
39]} 45. Be3 {[%emt 0:00:00]} Kf6 {[%emt 0:06:05]} 46. Rc1 {[%emt 0:00:00]} Qd6
{[%emt 0:05:44]} 47. Ra7 {[%emt 0:03:50]} fxe4 {[%emt 0:04:18]} 48. Bd4+ {
[%emt 0:01:00]} Kg5 {[%emt 0:00:14]} 49. f4+ {[%emt 0:00:06]} Kg4 {[%emt 0:00:
22]} 50. Rf7 {[%emt 0:01:29]} e3 {[%emt 0:01:09]} 51. Bd1 {[%emt 0:01:57]} Kh5
{[%emt 0:07:09]} 52. Rh7+ {[%emt 0:00:40]} Kg4 {[%emt 0:00:01]} 53. Rf7 {
[%emt 0:00:38]} Kh5 {[%emt 0:00:01]} 54. Rh7+ {[%emt 0:00:43]} Kg4 {[%emt 0:00:
01]} 55. Bxe3 {[%emt 0:00:33]} d4 {[%emt 0:02:03]} 56. Kf1+ {[%emt 0:00:19]}
Kf5 {[%emt 0:00:02]} 57. Rxc6 {[%emt 0:00:09]} Qxc6 {[%emt 0:00:29]} 58. Rf7+ {
[%emt 0:00:04]} Ke6 {[%emt 0:01:28]} 59. Bb3+ {[%emt 0:00:05]} Qc4+ {[%emt 0:
00:09]} 60. Bxc4+ {[%emt 0:00:04]} bxc4 {[%emt 0:00:03]} 61. Rc7 {[%emt 0:05:
19]} dxe3 {[%emt 0:01:24]} 62. Rxc4 {[%emt 0:00:24]} Kd5 {[%emt 0:01:41]} 63.
Rc5+ {[%emt 0:01:41]} Kd4 {[%emt 0:03:05]} 64. Ke2 {[%emt 0:00:06]} Rf8 {
[%emt 0:06:06]} 65. Kf3 {[%emt 0:01:05]} Re8 {[%emt 0:01:08]} 66. Ke2 {[%emt 0:
00:48]} Rf8 {[%emt 0:01:46]} 67. Kf3 {[%emt 0:01:56]} Re8 {[%emt 0:00:37]}
1/2-1/2

[Event "FIDE Chesscom Grand Swiss 2021"]
[Site "Riga"]
[Date "2021.11.07"]
[Round "11.10"]
[White "Harikrishna, Pentala"]
[Black "Kuzubov, Yuriy"]
[Result "1/2-1/2"]
[WhiteElo "2719"]
[BlackElo "2624"]
[Annotator "TA"]
[PlyCount "83"]
[EventDate "2021.10.27"]
[EventType "swiss"]
[EventCountry "LAT"]
[Tiebreak "Cut1 Buchholz+Sonneborn-Berger (Swiss)"]
[SourceTitle "playchess.com"]
[Source "ChessBase"]
[SourceQuality "1"]

{[%evp 15,83,13,33,12,16,11,16,11,16,10,0,8,0,-4,7,-14,-13,-18,9,0,0,0,8,8,8,0,
31,0,10,0,0,0,12,11,26,0,0,0,0,-9,4,7,19,21,12,12,12,1,4,0,8,8,8,8,8,0,8,8,8,8,
8,8,8,0,0,0,0,0,0,0]} 1. d4 Nf6 2. c4 e6 3. Nf3 d5 4. Nc3 Nbd7 5. cxd5 exd5 6.
Bg5 c6 7. e3 Be7 8. Qc2 Nh5 9. Bxe7 {D36: Queen's Gambit Declined: Exchange
Variation: Main line (5 Bg5 c6 6 Qc2).} Qxe7 10. g4 Nhf6 11. h3 Nb6 12. O-O-O
Be6 13. Bd3 O-O-O {[#]} 14. Nd2 $146 ({Predecessor:} 14. Kb1 Kb8 15. Rc1 g6 16.
Nd2 Ne8 17. Nb3 Nd6 18. Nc5 Bc8 19. a4 Nd7 20. b4 {0-1 (55) Krasenkow,M (2597)
-Sjugirov,S (2663) Tornelo INT 2021}) 14... Kb8 15. Nb3 Bc8 16. Kb1 Rhe8 17.
Rde1 h5 18. f3 hxg4 19. hxg4 Rh8 20. Qg2 Rde8 21. g5 Nfd7 22. e4 Rxh1 23. Rxh1
dxe4 24. fxe4 Nf8 25. Qg3+ Qc7 {The position is equal.} 26. Qxc7+ Kxc7 27. a4
Be6 28. d5 cxd5 29. a5 $1 {[%cal Ra5b6]} Nc8 30. exd5 Bd7 31. Nc5 Nd6 32. Rh8
Kd8 33. Kc2 b6 34. axb6 axb6 35. Nb3 (35. N3e4 {is interesting.} Nf5 36. Nxd7
Nxd7 37. Rxe8+ Kxe8 38. d6) 35... Nf5 36. Kd2 Ng6 37. Rxe8+ Kxe8 38. Bxf5 Bxf5
39. Nd4 Bd7 40. Ke3 Ne5 41. Ke4 f6 42. gxf6 {An uneventful encounter. 
Weighted Error Value: White=0.05/Black=0.04} 1/2-1/2

[Event "FIDE Chesscom Grand Swiss 2021"]
[Site "Riga"]
[Date "2021.11.07"]
[Round "11.11"]
[White "Nihal Sarin"]
[Black "Dubov, Daniil"]
[Result "1/2-1/2"]
[WhiteElo "2652"]
[BlackElo "2714"]
[Annotator "ChessBase"]
[PlyCount "60"]
[EventDate "2021.10.27"]
[EventType "swiss"]
[EventCountry "LAT"]
[Tiebreak "Cut1 Buchholz+Sonneborn-Berger (Swiss)"]
[SourceTitle "playchess.com"]
[Source "ChessBase"]
[SourceQuality "1"]
[TimeControl "40/6000+30:20/3000+30:900+30"]

1. Nf3 {[%emt 0:00:20]} d5 {[%emt 0:00:16]} 2. d4 {[%emt 0:00:07]} Nf6 {
[%emt 0:00:05]} 3. Bf4 {[%emt 0:00:04]} g6 {[%emt 0:00:13]} 4. c3 {[%emt 0:03:
44]} Bg7 {[%emt 0:00:07]} 5. h3 {[%emt 0:00:10]} O-O {[%emt 0:00:07]} 6. e3 {
[%emt 0:00:02]} c5 {[%emt 0:00:40]} 7. Nbd2 {[%emt 0:03:04]} Nfd7 {[%emt 0:01:
29]} 8. Be2 {[%emt 0:23:02]} Nc6 {[%emt 0:00:08]} 9. O-O {[%emt 0:00:04]} b6 {
[%emt 0:00:23]} 10. b4 {[%emt 0:17:45]} e5 {[%emt 0:02:11]} 11. dxe5 {[%emt 0:
01:44]} Ndxe5 {[%emt 0:00:50]} 12. Nxe5 {[%emt 0:04:10]} Nxe5 {[%emt 0:00:13]}
13. Nb3 {[%emt 0:12:05]} Bf5 {[%emt 0:09:56]} 14. bxc5 {[%emt 0:01:08]} bxc5 {
[%emt 0:00:07]} 15. Nxc5 {[%emt 0:01:45]} Rc8 {[%emt 0:06:34]} 16. Nb3 {
[%emt 0:00:45]} Rxc3 {[%emt 0:01:11]} 17. Nd4 {[%emt 0:00:17]} Bd7 {[%emt 0:01:
32]} 18. Qd2 {[%emt 0:07:34]} Qa5 {[%emt 0:04:20]} 19. Rac1 {[%emt 0:12:05]}
Ra3 {[%emt 0:05:08]} 20. Qxa5 {[%emt 0:00:08]} Rxa5 {[%emt 0:00:05]} 21. Rc7 {
[%emt 0:02:26]} Rxa2 {[%emt 0:03:32]} 22. Bxe5 {[%emt 0:05:09]} Bxe5 {[%emt 0:
00:07]} 23. Rxd7 {[%emt 0:00:02]} Bxd4 {[%emt 0:00:06]} 24. Bf3 {[%emt 0:00:02]
} Bb6 {[%emt 0:00:05]} 25. Bxd5 {[%emt 0:00:03]} Rc2 {[%emt 0:00:04]} 26. Ra1 {
[%emt 0:02:14]} Rcc8 {[%emt 0:01:51]} 27. Rd1 {[%emt 0:02:19]} Rc7 {[%emt 0:00:
11]} 28. Rxc7 {[%emt 0:01:13]} Bxc7 {[%emt 0:00:02]} 29. Bb3 {[%emt 0:00:06]}
Rd8 {[%emt 0:00:07]} 30. Rxd8+ {[%emt 0:00:04]} Bxd8 1/2-1/2

[Event "FIDE Chesscom Grand Swiss 2021"]
[Site "Riga"]
[Date "2021.11.07"]
[Round "11.12"]
[White "Petrosyan, Manuel"]
[Black "Fedoseev, Vladimir"]
[Result "1/2-1/2"]
[WhiteElo "2605"]
[BlackElo "2704"]
[Annotator "TA"]
[PlyCount "91"]
[EventDate "2021.10.27"]
[EventType "swiss"]
[EventCountry "LAT"]
[Tiebreak "Cut1 Buchholz+Sonneborn-Berger (Swiss)"]
[SourceTitle "playchess.com"]
[Source "ChessBase"]
[SourceQuality "1"]

{[%evp 9,91,48,55,55,41,7,41,52,44,54,42,44,45,46,50,52,75,17,11,18,67,64,58,
27,25,5,6,3,14,15,15,18,15,15,16,0,0,0,0,0,0,0,0,0,0,0,0,0,0,0,0,0,0,0,0,0,0,0,
0,0,0,0,0,0,0,0,0,0,0,0,0,0,0,0,0,0,0,0,0,0,0,0,0,-28000]} 1. Nf3 Nf6 2. c4 g6
3. Nc3 Bg7 4. e4 e5 5. Nxe5 O-O 6. Nf3 {A16: English Opening: 1...Nf6 with ...
d5.} Re8 7. Bd3 d5 (7... Nxe4 $5 8. Bxe4 (8. Nxe4 f5 $11 {[%mdl 64] Pin}) 8...
Bxc3 $11) 8. cxd5 {White is slightly better.} Bf5 {[%cal Rf6e4] [#]} 9. O-O
$146 ({Predecessor:} 9. Qe2 Nbd7 10. Bc2 Nxe4 11. Nxe4 Bxe4 12. Bxe4 f5 13. d3
Nc5 14. O-O fxe4 15. dxe4 Rxe4 {1-0 (34) Lenderman,A (2648)-Chigaev,M (2644)
chess24.com INT 2020}) 9... Nxe4 10. Bxe4 Bxe4 11. Nxe4 Rxe4 12. Qb3 Na6 13.
Qxb7 ({Better is} 13. d4 $1 $16) 13... Nc5 $11 14. Qb5 Qd6 15. d4 Bxd4 16. Nxd4
(16. Rd1 {looks sharper.} Rae8 17. Qf1 Bf6 18. Be3 Bxb2 19. Rab1) 16... Rxd4
17. Be3 Rxd5 {The position is equal.} 18. Rac1 a6 19. Qb4 a5 20. Qa3 Nd3 21.
Qxd6 cxd6 22. Rcd1 f5 23. Rd2 f4 24. Rfd1 fxe3 25. fxe3 Nxb2 26. Rxd5 {[#] Rc1
is the strong threat.} Nxd1 27. Rxd1 {[%mdl 4096] Endgame KR-KR} Rb8 28. Rxd6
Rb1+ 29. Kf2 Rb2+ 30. Kf3 Rxa2 31. Rd7 a4 32. Ra7 a3 33. h4 h5 34. e4 Kf8 35.
e5 Ke8 36. g3 Kf8 37. Kf4 {Black should prevent Kg5.} Rf2+ 38. Kg5 Rf7 39. Rxa3
Kg7 {[%csl Gg6][%cal Rf7f5] [#]} 40. g4 hxg4 41. Kxg4 Rf5 42. Re3 Rh5 43. e6 {
e7 would kill now.} Kf8 44. e7+ Ke8 45. Re6 Ra5 46. Rxg6 $2 {[%mdl 40960]
Weighted Error Value: White=0.05/Black=0.04. An unexpected result.} (46. Re4
$11) 1/2-1/2

[Event "FIDE Chesscom Grand Swiss 2021"]
[Site "Riga"]
[Date "2021.11.07"]
[Round "11.13"]
[White "Xiong, Jeffery"]
[Black "Sarana, Alexey"]
[Result "1/2-1/2"]
[WhiteElo "2700"]
[BlackElo "2649"]
[Annotator "TA"]
[PlyCount "74"]
[EventDate "2021.10.27"]
[EventType "swiss"]
[EventCountry "LAT"]
[Tiebreak "Cut1 Buchholz+Sonneborn-Berger (Swiss)"]
[SourceTitle "playchess.com"]
[Source "ChessBase"]
[SourceQuality "1"]

{[%evp 11,74,11,8,4,23,6,14,-3,50,44,62,41,41,38,39,37,41,32,37,38,37,36,47,44,
57,52,63,47,49,58,62,57,80,59,85,80,108,68,73,41,34,21,125,125,114,130,127,127,
149,149,203,152,127,123,139,71,69,29,33,28,45,19,5,14,85]} 1. e4 c5 2. Nc3 d6
3. f4 Nc6 4. Nf3 Nf6 5. Bb5 Bd7 6. O-O e6 $1 {6...e6 is better than 6...a6.} 7.
d3 {B23: Closed Sicilian: Lines without g3.} a6 8. Bc4 b5 9. Bb3 Be7 ({Better
is} 9... b4 $11 10. Ne2 Be7) 10. e5 $1 $14 {[%cal Re5f6] [#]} Ng4 $146 ({
Predecessor:} 10... dxe5 11. fxe5 Ng4 12. Qe2 Qb6 13. Kh1 h5 14. a3 Nd4 15.
Nxd4 cxd4 16. Qf3 O-O 17. Ne4 Bc6 18. Bf4 a5 19. h3 Ne3 20. Bxe3 dxe3 21. c3
Bh4 22. Bc2 {1-0 (22) Holmberg,P (1942)-Popov,A (1762) IECG email 2006}) 11. h3
{[#] aiming for exd6.} Nh6 $1 12. exd6 Bxd6 13. Ne4 Qc7 14. Nxd6+ Qxd6 15. c3
O-O 16. Qe2 Rac8 17. g4 f5 18. Ne5 Be8 19. Bd2 Na5 20. Bc2 Nf7 21. Rae1 Rd8 22.
Bc1 Qc7 23. Qf2 Rd5 {[%cal Rf7e5]} 24. c4 Rd8 25. Nxf7 Bxf7 26. Re5 Nb7 (26...
Nc6 $11 {remains equal.} 27. Rxc5 Qd7) 27. b3 $16 fxg4 28. hxg4 Bg6 29. Qe3 (
29. Rxe6 $6 Bxd3 30. Bxd3 Rxd3 $14) 29... Rfe8 30. Bb2 Qd7 (30... Na5 $16 31.
Rxc5 Nc6) 31. Re1 Na5 {[%cal Bb7a5,Ba5c6,Bc6b4][%mdl 32]} 32. Rxc5 {Hoping for
Qe5.} Nc6 {[#]} 33. cxb5 ({White should try} 33. Bc3 $1) 33... axb5 34. Rc1 e5
35. f5 {Strongly threatening Qe4.} Bf7 36. Bd1 Nb4 37. Be2 ({Don't go for} 37.
Rxe5 $2 Nxd3 38. Rxe8+ Rxe8 $19) 37... Qa7 {Weighted Error Value: White=0.12/
Black=0.17} (37... Nxa2 $11 38. Rf1 Qa7) 1/2-1/2

[Event "FIDE Chesscom Grand Swiss 2021"]
[Site "Riga"]
[Date "2021.11.07"]
[Round "11.14"]
[White "Shevchenko, Kirill"]
[Black "Artemiev, Vladislav"]
[Result "0-1"]
[WhiteElo "2632"]
[BlackElo "2699"]
[Annotator "TA"]
[PlyCount "64"]
[EventDate "2021.10.27"]
[EventType "swiss"]
[EventCountry "LAT"]
[Tiebreak "Cut1 Buchholz+Sonneborn-Berger (Swiss)"]
[SourceTitle "playchess.com"]
[Source "ChessBase"]
[SourceQuality "1"]

{[%evp 22,64,20,16,37,29,30,17,25,14,23,5,7,0,3,-30,-18,-10,-12,-41,-32,-36,
-31,-23,-27,-64,-50,-50,-49,-92,-80,-95,-67,-400,-391,-394,-384,-441,-441,-431,
-426,-1015,-760,-1586,-1363]} 1. e4 e5 2. Nf3 Nc6 3. Bb5 Nf6 4. d3 d6 5. O-O
Be7 6. Re1 O-O 7. c3 a6 8. Ba4 Re8 9. Nbd2 Bf8 10. Nf1 h6 11. Ng3 b5 12. Bb3
Ne7 $5 {[%mdl 4] A promising side line. C90: Closed Ruy Lopez with 7...d6:
Early deviations.} 13. a4 Rb8 14. axb5 axb5 {The position is equal.} 15. d4 Ng6
16. Ra7 {[#]} Rb7 $146 ({Predecessor:} 16... Bd7 17. h3 b4 18. Be3 bxc3 19.
bxc3 Qc8 20. Qc2 c6 21. Qa2 Be6 22. Bxe6 Qxe6 23. Qxe6 Rxe6 24. Rc7 exd4 25.
Nxd4 Re7 26. Rxc6 Nxe4 27. Nxe4 {1/2-1/2 (27) Jakovenko,D (2721)-Aronian,L 
(2801) Palma de Mallorca 2017}) 17. Ra6 c5 18. Bc2 Rb8 19. Ra1 Bg4 20. h3 Bxf3
21. Qxf3 exd4 22. cxd4 cxd4 23. Qd1 d5 24. Qxd4 Rc8 25. Bb3 Bc5 26. Qd3 Ne5 27.
Qxb5 {[%mdl 8192] [#] White does not recover from this.} ({White should try} 
27. Qf1 $15) 27... Bxf2+ $1 $19 {[%mdl 512]} 28. Kxf2 Rb8 29. Qa6 Rxb3 {
Black is clearly winning.} 30. Ra3 Qb8 {Strongly threatening ...Neg4+!} 31. Qe2
{[#]} (31. Nf5 $142 Nd3+ 32. Qxd3 Rxd3 33. Rxd3) 31... Rxg3 $1 {[%mdl 512]} 32.
Kxg3 (32. Kg1 Nxe4) 32... Nxe4+ {Weighted Error Value: White=0.87/Black=0.15}
0-1

[Event "FIDE Chesscom Grand Swiss 2021"]
[Site "Riga"]
[Date "2021.11.07"]
[Round "11.15"]
[White "Sasikiran, Krishnan"]
[Black "Korobov, Anton"]
[Result "0-1"]
[WhiteElo "2640"]
[BlackElo "2690"]
[Annotator "TA"]
[PlyCount "94"]
[EventDate "2021.10.27"]
[EventType "swiss"]
[EventCountry "LAT"]
[Tiebreak "Cut1 Buchholz+Sonneborn-Berger (Swiss)"]
[SourceTitle "playchess.com"]
[Source "ChessBase"]
[SourceQuality "1"]

{[%evp 11,94,22,32,27,40,21,31,35,62,61,50,57,64,59,35,26,25,12,23,10,41,0,0,0,
0,-57,-40,-64,-66,-62,-73,-108,-88,-92,-74,-101,-98,-86,-71,-88,-74,-152,-154,
-261,-256,-259,-254,-260,-256,-594,-587,-562,-599,-587,-587,-578,-570,-710,
-635,-657,-645,-703,-672,-786,-775,-760,-725,-942,-927,-902,-852,-1127,-1139,
-1716,-1634,-1413,-1338,-12820,-1047,-12833,-12834,-12836,-12835,-12843,-12843]
} 1. e4 c5 2. Nf3 d6 3. d4 cxd4 4. Nxd4 Nf6 5. Nc3 a6 6. Be3 e6 7. a3 {B80:
Sicilian Scheveningen: 6 g3 and 6 Be3, including English Attack.} b5 8. g4 Bb7
9. Bg2 {White is slightly better.} Be7 10. g5 Nfd7 11. f4 Nc6 12. Nxc6 Bxc6 13.
h4 O-O {[#]} 14. O-O $146 ({Predecessor:} 14. h5 a5 15. Qd2 Qc7 16. h6 g6 17.
O-O Rfb8 18. b3 Bf8 19. Nd1 Rc8 20. Nf2 {1/2-1/2 (46) Ilyin,P (2415)-Bester,B 
(2422) ICCF email 2018}) 14... Qb8 15. f5 Re8 16. fxe6 (16. f6 $5 Bf8 17. Qg4
$11) 16... fxe6 17. Qg4 Bd8 18. Bh3 (18. Bf4 $11) 18... Bb6 $15 19. Bxb6 Qxb6+
20. Kh2 Ne5 21. Qg3 b4 22. axb4 Qxb4 23. Rab1 Bd7 ({Don't blunder} 23... Bxe4
$2 24. Qf4 $18) 24. h5 Rf8 25. h6 g6 $1 26. Rbd1 ({White should play} 26. Qe3)
26... a5 $17 ({And not} 26... Qxb2 27. Rxd6 Qxc2+ 28. Kh1 $14) 27. b3 {[#]} (
27. Kh1 $17 {was called for.}) 27... Rac8 $1 $19 {[%cal Rc8c3]} ({Worse is} 
27... Rfc8 28. Qf2 $11) 28. Rxf8+ Rxf8 29. Bg2 {[#]} Rf2 {[%cal Rf2c2][%mdl
512]} 30. Rf1 $2 (30. Kh1 {is tougher.} Qc5 31. Rc1) 30... Nf3+ {Black is
clearly winning.} 31. Qxf3 Rxf3 32. Rxf3 Qc5 33. Rg3 Bc6 34. Ne2 Qe5 35. Nc3
Kf7 36. Kh3 Ke7 37. Kg4 Qd4 38. Kh3 Qd2 39. Nb1 Qc1 40. Nc3 Qxc2 41. Kh2 Qxb3
42. Nd5+ Bxd5 43. exd5 Qb4 44. dxe6 Kxe6 (44... a4 $142 45. Kh3 Kxe6 46. Re3+
Kf5) 45. Re3+ Kf5 46. Re7 Kxg5 47. Rxh7 a4 {Weighted Error Value: White=0.80/
Black=0.22} 0-1

[Event "FIDE Chesscom Grand Swiss 2021"]
[Site "Riga"]
[Date "2021.11.07"]
[Round "11.16"]
[White "Alekseenko, Kirill"]
[Black "Yilmaz, Mustafa"]
[Result "1-0"]
[WhiteElo "2710"]
[BlackElo "2626"]
[Annotator "TA"]
[PlyCount "79"]
[EventDate "2021.10.27"]
[EventType "swiss"]
[EventCountry "LAT"]
[Tiebreak "Cut1 Buchholz+Sonneborn-Berger (Swiss)"]
[SourceTitle "playchess.com"]
[Source "ChessBase"]
[SourceQuality "1"]

{[%evp 9,79,3,13,13,5,3,9,1,0,8,20,-61,-37,-41,-42,-40,-1,-44,-43,-80,-87,-97,
-66,-163,-161,-165,-161,-151,-162,-197,-193,-244,-248,-297,-257,-259,-254,-257,
-259,-252,-247,-253,-248,-252,-247,-368,-374,-429,-416,-403,-383,-406,-267,
-233,-52,-38,297,304,496,494,1978,1897,1590,1256,1168,1112,2629,2478,2372,2191,
1243,809]} 1. e4 c5 2. h3 d6 3. Bb5+ ({Predecessor:} 3. Nf3 g6 4. b3 Bg7 5. c3
Nf6 6. Bc4 Nxe4 7. O-O e6 8. Qe2 Nf6 9. d4 cxd4 10. cxd4 O-O 11. Bg5 {0-1 (67)
Arsova,M-Guleryuz,Z (1199) Tornelo INT 2020}) 3... Nd7 4. c4 Ngf6 5. Nc3 a6 6.
Ba4 {B31: Sicilian: 2...Nc6 3 Bb5 g6.} e6 7. Nge2 Be7 8. O-O {The position is
equal.} O-O 9. d3 d5 10. Ng3 (10. cxd5 $11 exd5 11. Bxd7 (11. exd5 Nb6 $11) (
11. Nxd5 Nxd5 12. exd5 Nb6 $11) 11... Qxd7 12. Bg5) 10... d4 11. Nce2 b5 12.
cxb5 Nb6 13. Bc2 (13. b4 $5) 13... axb5 14. Bd2 Bb7 15. f4 Nfd7 16. f5 ({
White should play} 16. b4 $15) 16... e5 $1 $19 17. Nh5 c4 18. Neg3 {
Threatening Qg4!} f6 19. Qg4 {[%csl Gh5][%cal Rg4g7]} Rf7 20. Rf3 (20. Nh1 $142
) 20... Kh8 21. Nh1 Nc5 22. Nf2 cxd3 23. Nxd3 Nc4 ({Much less strong is} 23...
Nxe4 24. Nxe5 fxe5 25. Bxe4 $17) 24. Nxc5 Bxc5 25. Bb3 Rd7 26. Rd1 Nxb2 27. Rg3
(27. Rc1 {was worth a try.} Nc4 28. Rd3) 27... Nxd1 28. Qxd1 d3+ 29. Kh2 Bf2
30. Rg4 Qe8 31. Qf3 Qxh5 $2 (31... Bb6 $19 32. Ng3 Ba5) 32. Qxf2 $15 {next Rh4
is good for White.} Qe8 $2 {[%mdl 8192] [#] This costs Black the game.} (32...
Rd4 $15 {keeps the upper hand.} 33. Rh4 Qxh4 $3 {[%mdl 512]} 34. Qxh4 Rxe4) 33.
Qh4 $1 $18 {[%cal Rh4h7] Intending Qxh7+! and mate.} Rf7 $2 {[#]} (33... Bd5
34. exd5 (34. Bxd5 Rxd5 {[%mdl 64] Remove Defender} 35. exd5 Rxa2 $18) 34...
Ra3) 34. Qh5 $1 {White is clearly winning.} Kg8 (34... Bd5 $142) 35. Rh4 h6 36.
Bxh6 Kf8 37. Bd2 {Threatening mate with Bb4+.} Ra4 38. Bxa4 {White threatens
Bb4+ and mate.} bxa4 39. Bb4+ Re7 40. Qd1 {Weighted Error Value: White=0.22/
Black=0.47} 1-0